La escuela de las hadas /

Guardado en:
Autor Principal: Nalé Roxlo, Conrado.
Formato: Libro
Publicado: Buenos Aires : Colihue, 2013
Series:Libros del malabarista
Materias:
Etiquetas: Agregar Etiqueta
Sin Etiquetas, Sea el primero en etiquetar este registro!
LEADER 00972nam a22002415a 4500
001 CEM.cems015523
008 130507s2013##################000#0#####d
005 20221004160502.0
245 1 0 |a La escuela de las hadas /  |c Conrado Nalé Roxlo. 
260 |a Buenos Aires :  |b Colihue,  |c 2013 
300 |a 96 p. 
490 0 |a Libros del malabarista 
505 0 |a Carta a los chicos -- Exámen de ingreso -- El recreo -- El sueño de Merlín -- Una clase modelo -- Historia del payaso pintado -- Primera salida de Cordelia -- La varita rota -- Y colorín colorado 
020 |a 9789876849142 
100 1 |a Nalé Roxlo, Conrado. 
082 0 4 |a A868.4 
653 |a Literatura 
653 |a Literatura argentina 
653 |a Literatura infantil 
653 |a Cuentos infantiles 
653 |a Colección ciencias de la educación 
859 |a CEMS  |b BIB. CEMS - Ccias. Educacion  |h A868.4  |i N147  |k CE  |p 28988.19  |t Ej.1 
859 |a CEMS  |b BIB. CEMS - Ccias. Educacion  |h A868.4  |i N147  |k CE  |p 29042.20  |t Ej.2